| 000 | 01702nam a2200241 a 4500 | ||
|---|---|---|---|
| 005 | 20241116063718.0 | ||
| 008 | 150803s2014 mx r 000 0 spa d | ||
| 020 | _a9786077611516 | ||
| 035 | _aUPN01000204704 | ||
| 049 | _aDVD | ||
| 050 | 4 |
_aKGF290 _bB3.5 |
|
| 245 | 0 | 0 |
_aBandos, leyes y decretos 1825-1925 : _bGobierno del Distrito Federal / _ccoord. gral. Carlos E. Ruíz Abreu. |
| 260 |
_aMéxico : _bGobierno del Distrito Federal, Secretaría de Cultura, Archivo Histórico del Distrito Federal Carlos de Sigüenza y Góngora : _bInstituto de Investigaciones Dr. José María Luis Mora, _c2014. |
||
| 300 |
_a1 DVD-ROM ; _c4 3/4 plg. |
||
| 520 | _aConjunto de bandos, avisos, circulares y folletos que contienen leyes, decretos, reglamentos, convocatorias y comunicado diversos publicados por los gobiernos nacional, del Distrito Federal y de los ayuntamientos de la capital entre 1825 a 1925. Se trata de la serie completa de “Bandos, leyes y decretos”, del fondo del Gobierno del Distrito Federal, bajo resguardo del Archivo Histórico del Distrito Federal. El presente disco contiene el catálogo de los 7,500 expedientes que integran esta serie. | ||
| 538 | _aMemoria Ram: 1gb. Unidad de DVD ; compatible con los siguientes exploradores de internet: Chrome 27.0 o superior, Firefox 22.0 o superior, IE 10.0 o superior, Opera 12.0 o superior, y Safari 6.0 o superior ; Acrobat reader 10.0 o superior | ||
| 650 |
_aDERECHO - _zMEXICO - _xHISTORIA _96601 |
||
| 651 | 4 |
_aMéxico _xHistoria _ySiglo XIX _94642 |
|
| 651 | 0 |
_aMéxico _xHistoria _yRevolución, 1910-1917 _vFuentes _94498 |
|
| 700 | 1 |
_aRuiz Abreu, Carlos Enrique, _d1958- _ecoord. _941402 |
|
| 905 | _aElectrónico | ||
| 999 |
_c176805 _d176805 |
||